000 00314nam a22001337a 4500
008 170825b xxu||||| |||| 00| 0 eng d
020 _a2900073135273
041 _aeng
080 _24TH
_a070
100 _a39
101 _aMED
245 _aINTERCULTURAL COMMUNICATION IN CONTEXTS
_cMARTIN,J,N
942 _2udc
_cBK
999 _c25113
_d25113